000 00335nam a22001457a 4500
008 240318b ||||| |||| 00| 0 eng d
020 _a0124749933
041 _aeng
080 _2SECOND EDITION
_a573
082 _a573MAR
100 _a16
101 _aBIOLOGJI
245 _aLEARNING AND MEMORY
_cJOE L.MARTINEZ
942 _2udc
_cBK
999 _c60613
_d60613